| 000 | 00649cam a22002174a 4500 | ||
|---|---|---|---|
| 008 | |||
| 020 | _a1556640439 (hbk.) | ||
| 049 | _aMAIN | ||
| 090 |
_aRD34 _bCUR |
||
| 245 | 0 | 0 |
_aCurrent therapy in colon and rectal surgery / _c[edited by] Victor W. Fazio. |
| 260 |
_aPhiladephia : _bB. C. Decker, _cc1990. |
||
| 300 |
_axix, 440 p. : _bill. ; _c28 cm. |
||
| 504 | _aIncludes bibliographical references. | ||
| 500 | _aIncludes index. | ||
| 650 | _aColorectal surgery. | ||
| 907 |
_a.b10357397 _b27-04-15 _c27-04-15 |
||
| 003 | |||
| 005 | 20230120204153.0 | ||
| 040 | _cNUST | ||
| 942 |
_cBOOKS _kRD34 _mCUR |
||
| 999 |
_c118399 _d118399 |
||